Κατάλογος Βιβλιοθηκών Mediterranean College

Παιδί και Υγεία / Από τη Γέννηση μέχρι και την εφηβεία (Record no. 9730)

MARC details
000 -LEADER
fixed length control field 01683cam a22002174a 4500
005 - ΗΜΕΡΟΜΗΝΙΑ ΚΑΙ ΩΡΑ ΤΕΛΕΥΤΑΙΑΣ ΕΝΗΜΕΡΩΣΗΣ
Πεδίο ελέγχου 20250605164408.0
008 - FIXED-LENGTH DATA ELEMENTS--GENERAL INFORMATION
Πεδίο ελέγχου σταθερού μήκους 250528s ||||||||||||||||||||||||d
035 ## - SYSTEM CONTROL NUMBER
System control number 24895
020 ## - ISBN
ISBN 9789601220635
040 ## - ΠΗΓΗ ΚΑΤΑΛΟΓΟΓΡΑΦΗΣΗΣ
Φορέας πρωτότυπης καταλογογράφησης MC Athens Campus Library
Γλώσσα καταλογογράφησης Ελληνικά, Μοντέρνα (1453-)
Modifying agency MC Athens Campus Library
Κανόνες περιγραφικής καταλογογράφησης AACR2
245 1# - ΤΙΤΛΟΣ ΚΑΙ ΔΗΛΩΣΗ ΥΠΕΥΘΥΝΟΤΗΤΑΣ
Τίτλος Παιδί και Υγεία / Από τη Γέννηση μέχρι και την εφηβεία
250 ## - EDITION STATEMENT
Edition statement
260 ## - PUBLICATION, DISTRIBUTION, ETC.
Name of publisher, distributor, etc. University Studio Press,
Date of publication, distribution, etc. 2011
300 ## - PHYSICAL DESCRIPTION
Extent 296
520 ## - SUMMARY, ETC.
Summary, etc. Το παρόν βιβλίο καλύπτει όλο το φάσμα της ζωής του ανθρώπου, από την γέννηση ώς και πριν την ενηλικίωση. Πρόλογος, Εισαγωγή, Ένα Μωρό Έρχεται, Προσχολική και Σχολική Ηλικία, Εφηβεία, Παιδί και Κοινωνία, Παιδί και Τεχνολογία, Λοιμώδη Νοσήματα, Εμβολιασμοί, Πρώτες Βοήθειες, Αιματολογία, Αλλεργιολογία, Αναπτυξολογία, Γαστρεντερολογία, Γυναικολογία, Δερματολογία, Καρδιολογία, Νεογνολογία, Νευρολογία, Ορθοπεδική, Ουρολογία και Νεφρολογία, Οφθαμολογία, Παιδοδοντία, Πνευμονολογία και Αναπνευστικό Σύστημα, Χειρουργική, Ψυχιατρική, Ωτορινολαρρυγγολογία, Βιβλιογραφία, Ευρετήριο.
700 1# - ΠΡΟΣΘΕΤΗ ΑΝΑΓΡΑΦΗ--ΦΥΣΙΚΟ ΠΡΟΣΩΠΟ
Personal name Παλλίδης Σίμος Γ
9 (RLIN) 9644
700 1# - ΠΡΟΣΘΕΤΗ ΑΝΑΓΡΑΦΗ--ΦΥΣΙΚΟ ΠΡΟΣΩΠΟ
Personal name Παλλίδου Χρυσή Σ
9 (RLIN) 9645
942 ## - ADDED ENTRY ELEMENTS (KOHA)
Koha item type Books
Holdings
Τύπος τεκμηρίου Βιβλιοθήκη Τρέχουσα τοποθεσία Barcode Αριθμός εισαγωγής Ημερομηνία απόκτησης Ταξιθετικό σύμβολο Αριθμός αντιτύπου Κατάσταση απόσυρσης Κατάσταση χαμένου Κατάσταση κατεστραμμένου Μη δανεισμός Σύνολο δανεισμών Ημερομηνία τελευταίας εμφάνισης Η τιμή ισχύει από
Books MC Athens Campus Library MC Athens Campus Library 9780000097293 7839 05/06/2025 155.6463 PAL 1           05/06/2025 05/06/2025

MC Athens Campus Library
Πατησίων 94 & Κοδριγκτώνος 13, 104 34
Πελλήνης 8 & Πατησίων 107, 112 51
Τ: +30 210 8899600

MC Thessaloniki Campus Library
Ίωνος Δραγούμη 21, 54625 | Ίωνος Δραγούμη 15, 54625
Τ: +30 2310 287779 – Τ: +30 2314 440300